00440nam a2200157Ia 4500999001700000003000400017005001700021008004100038040000900079082001800088100002600106245005900132260004000191300000900231942004200240 c11993d11993OSt20201005125447.0190216s9999||||xx |||||||||||||| ||und|| coclc a823.09bCRO/D aCross, Wilbur I95081 0aThe Development Of The English Novel /cWilbur l Cross bLyall Book Depot,c1968.aLudhiana: a329p cBK2ddch823.09iCRO/Dk823.09mCRO/D